ՀՀ Գիտությունների ազգային ակադեմիայի հիմնարար գիտական գրադարան  =   Fundamental Scientific Library of NAS RA

Пьесы : (Record no. 515681)

MARC details
000 -LEADER
fixed length control field 01114nam a2200277 a 4500
001 - CONTROL NUMBER
control field 000814769
003 - CONTROL NUMBER IDENTIFIER
control field AM-YEHGA
005 - DATE AND TIME OF LATEST TRANSACTION
control field 20250617163953.0
008 - FIXED-LENGTH DATA ELEMENTS--GENERAL INFORMATION
fixed length control field 110606s1962 ru r 000 0 rus d
040 ## - CATALOGING SOURCE
Original cataloging agency AM-YeHGA
041 1# - LANGUAGE CODE
Language code of text/sound track or separate title rus
Language code of original est
090 ## - LOCALLY ASSIGNED LC-TYPE CALL NUMBER (OCLC); LOCAL CALL NUMBER (RLIN)
-- 519222
100 1# - MAIN ENTRY--PERSONAL NAME
Personal name Кицберг, Аугуст
Dates associated with a name 1855-1927
245 10 - TITLE STATEMENT
Title Пьесы :
Remainder of title Перевод с эстонского /
Statement of responsibility, etc. А. Кицберг; Вступ. ст. и примеч. В. Алттоа; Перев. Л. Оямаа, Ю. Оямаа и Л. Тоом.
246 35 - VARYING FORM OF TITLE
Title proper/short title Naidendid
260 ## - PUBLICATION, DISTRIBUTION, ETC.
Place of publication, distribution, etc. Москва :
Name of publisher, distributor, etc. Искусство,
Date of publication, distribution, etc. 1962.
300 ## - PHYSICAL DESCRIPTION
Extent 345 стр. :
Other physical details портр., фотогр. ;
Dimensions 21 см.
440 #0 - SERIES STATEMENT/ADDED ENTRY--TITLE
Title Библиотека драматурга
504 ## - BIBLIOGRAPHY, ETC. NOTE
Bibliography, etc. note Примечания, стр. 341-344
504 ## - BIBLIOGRAPHY, ETC. NOTE
Bibliography, etc. note Список пьес, стр. 344
650 14 - SUBJECT ADDED ENTRY--TOPICAL TERM
Topical term or geographic name entry element Эстонская литература
General subdivision Пьеса
700 1# - ADDED ENTRY--PERSONAL NAME
Personal name Алттоа, В.
Relator term авт. предисл.
Relationship aui
700 1# - ADDED ENTRY--PERSONAL NAME
Personal name Оямаа, Л.
Relator term перев.
Relationship trl
700 1# - ADDED ENTRY--PERSONAL NAME
Personal name Оямаа, Ю.
Relator term перев.
Relationship trl
700 1# - ADDED ENTRY--PERSONAL NAME
Personal name Тоом, Л.
Relator term перев.
Relationship trl
Holdings
Withdrawn status Lost status Source of classification or shelving scheme Damaged status Not for loan Collection Home library Current library Date acquired Total checkouts Full call number Barcode Date last seen Price effective from Koha item type Public note
    Universal Decimal Classification     General Fundamental Scientific Library Fundamental Scientific Library 22/09/2021   PII/61272 FL0660654 22/09/2021 22/09/2021 Գրքեր / Books 30 Days Loan
          General Fundamental Scientific Library Fundamental Scientific Library 15/10/2021   РII/64268 FL0658651 15/10/2021 15/10/2021 Գրքեր / Books 30 Days Loan


ՀՀ ԳԱԱ հիմնարար գիտական գրադարան
ՀՀ,Երևան 0019
Մարշալ Բաղրամյան 24/6
հեռախոս:(374-10) 52-47-50
Հետադարձ կապ

All site content, except where otherwise noted, is licensed under a
Creative Commons License